| 000 -LEADER |
| fixed length control field |
00801nam a22002177a 4500 |
| 005 - DATE AND TIME OF LATEST TRANSACTION |
| control field |
20200731120243.0 |
| 008 - FIXED-LENGTH DATA ELEMENTS--GENERAL INFORMATION |
| fixed length control field |
200731s2010 eng||||| |||| 00| 0 enk d |
| 020 ## - INTERNATIONAL STANDARD BOOK NUMBER |
| International Standard Book Number |
9783125399082 |
| 041 ## - LANGUAGE CODE |
| Language code of text/sound track or separate title |
enk |
| 080 ## - UNIVERSAL DECIMAL CLASSIFICATION NUMBER |
| Universal Decimal Classification number |
811.111.1 E-56 |
| 245 ## - TITLE STATEMENT |
| Title |
English Unlimited B1 - Pre-Intermediate : |
| Remainder of title |
Teacher's Pack / |
| Statement of responsibility, etc. |
Adrian Doff, Smith Howard, Rachel Thake, Lloyd Mark. |
| 264 ## - PRODUCTION, PUBLICATION, DISTRIBUTION, MANUFACTURE, AND COPYRIGHT NOTICE |
| Place of production, publication, distribution, manufacture |
Cambridge : |
| Name of producer, publisher, distributor, manufacturer |
Cambridge Press University, |
| Date of production, publication, distribution, manufacture, or copyright notice |
2010. |
| 300 ## - PHYSICAL DESCRIPTION |
| Extent |
128 p. |
| Other physical details |
30 cm. |
| Dimensions |
ill. + CD |
| 653 ## - INDEX TERM--UNCONTROLLED |
| keyword |
ინგლისური ენა |
| 653 ## - INDEX TERM--UNCONTROLLED |
| keyword |
გრამატიკა |
| 700 ## - ADDED ENTRY--PERSONAL NAME |
| Personal name |
Doff, Adrian |
| Relator term |
ავტორი |
| 9 (RLIN) |
9086 |
| 700 ## - ADDED ENTRY--PERSONAL NAME |
| Personal name |
Howard, Smith |
| Relator term |
ავტორი |
| 9 (RLIN) |
9090 |
| 700 ## - ADDED ENTRY--PERSONAL NAME |
| Personal name |
Thake, Rachel |
| Relator term |
ავტორი |
| 9 (RLIN) |
9091 |
| 700 ## - ADDED ENTRY--PERSONAL NAME |
| Personal name |
Mark, Lloyd |
| Relator term |
ავტორი |
| 9 (RLIN) |
9092 |
| 942 ## - ADDED ENTRY ELEMENTS (KOHA) |
| Source of classification or shelving scheme |
|
| Koha item type |
წიგნი |